| 000 -CABECERA |
| Longitud fija campo de control |
00634nam a22002057a 4500 |
| 003 - IDENTIFICADOR DEL NÚMERO DE CONTROL |
| Identificador del número de control |
OSt |
| 005 - FECHA Y HORA DE LA ÚLTIMA TRANSACCIÓN |
| Fecha y hora de la última transacción |
20130530163751.0 |
| 008 - CÓDIGOS DE INFORMACIÓN DE LONGITUD FIJA |
| Códigos de información de longitud fija |
130530s2013 sp ||||| |||| 00| 0 spa d |
| 020 ## - NÚMERO INTERNACIONAL NORMALIZADO PARA LIBROS |
| Número Internacional Normalizado para Libros (ISBN) |
9788490929814 |
| 040 ## - FUENTE DE LA CATALOGACIÓN |
| Centro transcriptor |
CDMR |
| 100 1# - PUNTO DE ACCESO PRINCIPAL-NOMBRE DE PERSONA |
| 9 (RLIN) |
3578 |
| Nombre de persona |
Carrillo, Nereida |
| 245 13 - MENCIÓN DE TÍTULO |
| Título |
El periodismo volátil |
| Resto del título |
: ¿ cómo atrapar la información política que se nos escapa ? |
| Mención de responsabilidad, etc. |
Nereida Carrillo |
| 260 ## - PUBLICACIÓN, DISTRIBUCIÓN, ETC. (PIE DE IMPRENTA) |
| Lugar de publicación, distribución, etc. |
Barcelona |
| Nombre del editor, distribuidor, etc. |
UOC |
| Fecha de publicación, distribución, etc. |
2013 |
| 300 ## - DESCRIPCIÓN FÍSICA |
| Extensión |
83 p. |
| 490 0# - MENCIÓN DE SERIE |
| Mención de serie |
That's entertainment! |
| Designación de volumen o secuencia |
2 |
| 650 04 - PUNTO DE ACCESO ADICIONAL DE MATERIA - TÉRMINO DE MATERIA |
| 9 (RLIN) |
3470 |
| Término de materia o nombre geográfico como elemento inicial |
Premsa i política |
| 650 04 - PUNTO DE ACCESO ADICIONAL DE MATERIA - TÉRMINO DE MATERIA |
| 9 (RLIN) |
3099 |
| Término de materia o nombre geográfico como elemento inicial |
Sensacionalisme en la premsa |
| 650 04 - PUNTO DE ACCESO ADICIONAL DE MATERIA - TÉRMINO DE MATERIA |
| 9 (RLIN) |
3478 |
| Término de materia o nombre geográfico como elemento inicial |
Cultura de massa |
| Subdivisión de materia general |
Influència |
| 942 ## - ENTRADA DE ELEMENTOS AGREGADOS (KOHA) |
| Fuente de clasificaión o esquema |
|
| Koha [por defecto] tipo de item |
Monografies |